Statistics for Capital cities of Different Things #2

Click here to take the quiz!

General Stats

  • This quiz has been taken 67 times
  • The average score is 16 of 21

Answer Stats

#Capital% Correct
NetherlandsAmsterdam
100%
USSRMoscow
97%
FranceParis
97%
PolandWarsaw
97%
ColombiaBogota
95%
WalesCardiff
93%
CzechoslovakiaPrague
92%
New South WalesSydney
87%
ColoradoDenver
85%
BangladeshDhaka
82%
OntarioToronto
82%
NigeriaAbuja
79%
OhioColumbus
75%
AndalusiaSeville
70%
GuangdongGuangzhou
64%
MaineAugusta
61%
LombardyMilan
59%
Papal StateRome
56%
West BengalKolkata
54%
ChechnyaGrozny
39%
Faroe IslandsTórshavn
31%

Score Distribution

Percentile by Number Answered

Percent of People with Each Score

Your Score History

You have not taken this quiz